Performance of ten selections from a polyclonal seedling population of natural rubber (Hevea brasiliensis) in Assam (Record no. 49416)

MARC details
000 -LEADER
fixed length control field 00466nam a2200133Ia 4500
100 ## - MAIN ENTRY--AUTHOR NAME
Personal name Mondal G C
245 #0 - TITLE STATEMENT
Title Performance of ten selections from a polyclonal seedling population of natural rubber (Hevea brasiliensis) in Assam
260 ## - PUBLICATION, DISTRIBUTION, ETC. (IMPRINT)
Name of publisher Placrosym XVII, 2006, Kochi, India. Journal of Plantations Crops, 34(3): pp.181-185.
700 ## - ADDED ENTRY--PERSONAL NAME
Personal name Chaudhuri D
700 ## - ADDED ENTRY--PERSONAL NAME
Personal name Das K
700 ## - ADDED ENTRY--PERSONAL NAME
Personal name Varghese Y A
942 ## - ADDED ENTRY ELEMENTS (KOHA)
Koha item type Bibliography STAF
Holdings
Withdrawn status Lost status Damaged status Not for loan Home library Current library Shelving location Date acquired Koha item type
      Bibliography RRII Library RRII Library Botany 09/04/2014 Bibliography STAF